Adams' building construction (Record no. 7933)

000 -LEADER
fixed length control field 00343nam a22001457a 4500
003 - CONTROL NUMBER IDENTIFIER
control field OSt
005 - DATE AND TIME OF LATEST TRANSACTION
control field 20200604162756.0
008 - FIXED-LENGTH DATA ELEMENTS--GENERAL INFORMATION
fixed length control field 200604b ||||| |||| 00| 0 eng d
020 ## - INTERNATIONAL STANDARD BOOK NUMBER
International Standard Book Number 9781138628335
082 ## - DEWEY DECIMAL CLASSIFICATION NUMBER
Classification number 690
Item number ADM
100 ## - MAIN ENTRY--PERSONAL NAME
Personal name Adams, Henry
245 ## - TITLE STATEMENT
Title Adams' building construction
260 ## - PUBLICATION, DISTRIBUTION, ETC. (IMPRINT)
Place of publication, distribution, etc London
Name of publisher, distributor, etc Routledge
Date of publication, distribution, etc 2017
942 ## - ADDED ENTRY ELEMENTS (KOHA)
Source of classification or shelving scheme
Holdings
Withdrawn status Lost status Source of classification or shelving scheme Damaged status Koha normalized classification for sorting Not for loan Permanent location Current location Date acquired Total Checkouts Full call number Barcode Date last seen Date last borrowed Price effective from Koha item type
        690_000000000000000_ADM   BMS College of Architecture, Design and Planning BMS College of Architecture, Design and Planning 2020-06-04 2 690 ADM AR-UG1613 2022-03-07 2022-03-05 2020-06-04 UG Books
Copyright © 2025, The Librarian, Library and Information Centre, BMSCA D&P, Bengaluru. All Rights Reserved
web counter

Powered by Koha